| 000 | 02641cam a22003858i 4500 | ||
|---|---|---|---|
| 001 | 21743452 | ||
| 003 | NUST | ||
| 005 | 20240306093747.0 | ||
| 008 | 201005s2021 nyu b 001 0 eng | ||
| 010 | _a 2020045012 | ||
| 020 |
_a9780367467227 _q(paperback) |
||
| 020 |
_z9781003031932 _q(ebook) |
||
| 040 |
_aDLC _beng _erda _cDLC |
||
| 042 | _apcc | ||
| 050 | 0 | 0 |
_aNA7145 _b.W35 2021 |
| 082 | 0 | 0 |
_a728.314 _223 _bWAL |
| 100 | 1 |
_aWallance, David, _eauthor. _9121875 |
|
| 245 | 1 | 4 |
_aThe future of modular architecture / _cDavid Wallance. |
| 263 | _a2104 | ||
| 264 | 1 |
_aNew York : _bRoutledge, _c2021. |
|
| 300 |
_a286p.: _bill; |
||
| 336 |
_atext _btxt _2rdacontent |
||
| 337 |
_aunmediated _bn _2rdamedia |
||
| 338 |
_avolume _bnc _2rdacarrier |
||
| 504 | _aIncludes bibliographical references and index. | ||
| 520 |
_a"The Future of Modular Architecture presents an unprecedented proposal for mass-customized mid- and high-rise modular housing that can be manufactured and distributed on a global scale. Advocating for the adoption of open-source design based on a new modular standard, the book shows how the construction industry and architectural practice may soon be radically reshaped. By leveraging the existing intermodal freight transport system, global supply chains can be harnessed to realize the long-held promise that housing will be a well-designed and affordable industrial product. We are on the cusp of a transformative change in the way we design and build our cities. Author David Wallance argues that modular architecture is profoundly intertwined with globalization, equitable urbanism, and sustainable development. His book addresses these timely issues through a specific approach grounded in fundamental concepts. Going beyond the individual modular building, Wallance forecasts the emergence of a new type of design, manufacturing, and construction enterprise. Written in an approachable style with illustrated examples, the book is a must read for professionals in architecture and design, city planning, construction, real estate, as well as the general reader with an interest in these topics"-- _cProvided by publisher. |
||
| 650 | 0 |
_aPrefabricated apartment houses. _9121876 |
|
| 650 | 0 |
_aModular construction. _9119044 |
|
| 650 | 0 |
_aHousing. _932423 |
|
| 650 | 0 |
_aArchitecture and globalization. _9121877 |
|
| 776 | 0 | 8 |
_iOnline version: _aWallance, David. _tFuture of modular architecture _dNew York : Routledge, 2021 _z9781003031932 _w(DLC) 2020045013 |
| 906 |
_a7 _bcbc _corignew _d1 _eecip _f20 _gy-gencatlg |
||
| 942 |
_2ddc _cBK |
||
| 999 |
_c608567 _d608567 |
||